00327nam a2200109Ia 4500008004100000082000800041100001400049245003800063942000600101952009500107999001500202240331s9999 xx 000 0 und d bFRE aFreire, P 0aVimarsana vizhipunarvukkana kalvi cL 001040708LaWERCLbWERCLcSSCd2024-03-31l0o 370 FREp1584r2024-03-31w2024-03-31yL c3587d3587